000
00331nam a2200109Ia 4500
008
221009s9999 xx 000 0 und d
082
_a
900
100
_a
Guider
_9
79384
245
0
_a
इतिहास अध्यायवार एवं वस्तुनिष्ठ
260
_b
Guider Competitive Group
942
_c
BK
999
_c
65265
_d
65265